Những quy định pháp luật về tuyển lao động và hợp đồng lao động.

Sách cung cấp cho bạn đọc những văn bản chính thức, cơ bản, có hệ thống về lĩnh vực tuyển lao động và hợp đồng lao động, những văn bản có liên quan đến Bộ luật Lao động...

Na minha lista:
Detalhes bibliográficos
Formato: Livro
Idioma:Vietnamese
Publicado em: Hà Nội : Chính trị quốc gia, 2000.
Assuntos:
Tags: Adicionar Tag
Sem tags, seja o primeiro a adicionar uma tag!
Thư viện lưu trữ: Mạng thư viện Đại học Đà Nẵng
LEADER 01081cam a2200325 i 4500
001 000043570
003 1549
005 20031231180957.0
008 010217b2000 vm 000 vie
022 |a T 
040 |a IRC  |c IRC  |d IRC 
041 0 |a vie 
082 1 4 |a 344.01  |b Qu-Đ 
245 0 6 |a Những quy định pháp luật về tuyển lao động và hợp đồng lao động. 
260 |a Hà Nội :  |b Chính trị quốc gia,  |c 2000. 
300 |a 447tr. ;  |c 20.5cm. 
520 3 |a Sách cung cấp cho bạn đọc những văn bản chính thức, cơ bản, có hệ thống về lĩnh vực tuyển lao động và hợp đồng lao động, những văn bản có liên quan đến Bộ luật Lao động... 
630 0 4 |a Luật pháp. 
630 0 4 |a Hợp đồng lao động. 
650 0 4 |a Luật lao động  |z Việt Nam. 
OWN |a DUT 
999 |a From the UDN01 
TYP |a Monograph 
TYP |a Printed language 
980 |a Mạng thư viện Đại học Đà Nẵng